000
00242nam a2200109Ia 4500
008
200302s9999 xx 000 0 und d
100
_a
Chris Van Uffelen
245
_a
Stations
260
_b
Braun Publishing AG
260
_c
2010
300
_a
253
999
_c
3401
_d
3401